Numerical solution of partial differential equations by the finite element method /

Saved in:
Bibliographic Details
Main Author: Johnson, Claes (Author)
Format: Book
Language:English
Published: Cambridge : Cambridge University Press, 1987
Tags: Add Tag
No Tags, Be the first to tag this record!

MARC

LEADER 00000nam a22000003a 4500
001 stu1024
005 20150617225618.5
008 920113s1987----uk------------------eng-d
040 |a STU  |b slo 
041 0 |a eng 
044 |a uk 
080 |a 517.95 
080 |a 519.64  |7 stu_us_auth*stu8082 
100 1 |a Johnson, Claes  |4 aut 
245 1 |a Numerical solution of partial differential equations by the finite element method /  |c [aut.] Johnson,Claes 
260 |a Cambridge :  |b Cambridge University Press,  |c 1987 
300 |a 278 s 
996 |b E75193  |c E*75193  |l EE03  |s P  |a 0  |w stu1024_0001